000 00881nam a2200229 4500
001 136773
003 ES-MaACL
005 20250809044623.0
007 t|
008 070214s1970 sp r ||||1| spa d
100 1 _aSainz de Varanda, Ramón.
_9101595
245 1 3 _aLa Ley Paccionada de Navarra y la vigencia de las normas forales sobre sucesión intestada /
_cRamón Sáinz de Varanda.
260 _aPamplona :
_bDiputación Foral de Navarra, Institución Príncipe de Viana,
_c1970.
300 _a200 p. ;
_c22 cm.
490 1 _aBiblioteca de Derecho Foral ;
_v14
500 _aPremio Olave de Navarra, 1952.
710 1 _aNavarra (Comunidad Autónoma).
_bDiputación Foral.
_95984
710 2 _aInstitución Príncipe de Viana
_94730
830 0 0 _aBiblioteca de derecho foral
_v14
_9181069
852 _aES-MaACL
_jC-46212
_bR.75235
999 _c136773
_d136773